书目信息 |
| 题名: |
土力学与基础工程
|
|
| 作者: | 宁培淋 , 王振忠 主编 | |
| 分册: | ||
| 出版信息: | 北京 北京大学出版社 2014 |
|
| 页数: | 230页 | |
| 开本: | 26cm | |
| 丛书名: | ||
| 单 册: | ||
| 中图分类: | TU47 , TU4 | |
| 科图分类: | ||
| 主题词: | 基础(工程)--高等职业教育--教材 , 土力学 , 土力学--高等职业教育--教材 , 基础(工程) | |
| 电子资源: | ||
| ISBN: | 978-7-301-23590-4 | |
| 000 | 01056nam0 2200289 450 | |
| 001 | 142026 | |
| 005 | 20141115142952.31 | |
| 010 | @a978-7-301-23590-4@dCNY 32.00 | |
| 100 | @a20140325d2014 em y0chiy50 ea | |
| 101 | 0 | @achi |
| 102 | @aCN@b110000 | |
| 105 | @aa z 000yy | |
| 200 | 1 | @a土力学与基础工程@9tu li xue yu ji chu gong cheng@b专著@f宁培淋,王振忠主编 |
| 210 | @a北京@c北京大学出版社@d2014 | |
| 215 | @a230页@c图@d26cm | |
| 300 | @a21世纪全国高职高专土建系列工学结合型规划教材 北大版·高职高专土建系列规划教材 建筑施工 | |
| 330 | @a本书内容共分5个项目,分别为工程地质勘察、浅基础设计、桩基础设计、基础设计软件应用和挡土墙设计,其中工程地质勘察项目融入土的物理性质和基本力学性能等知识。 | |
| 606 | 0 | @a基础(工程)@x高等职业教育@j教材 |
| 606 | 0 | @a土力学 |
| 606 | 0 | @a土力学@x高等职业教育@j教材 |
| 606 | 0 | @a基础(工程) |
| 690 | @aTU47@v5 | |
| 690 | @aTU4@v5 | |
| 701 | 0 | @a宁培淋@9ning pei lin@c(土木工程)@4主编 |
| 701 | 0 | @a王振忠@9wang zhen zhong@c(路桥工程)@4主编 |
| 801 | 0 | @aCN@bZL@c20141115 |
| 905 | @a241430@dTU4@eN650 | |
| 土力学与基础工程/宁培淋,王振忠主编.-北京:北京大学出版社,2014 |
| 230页:图;26cm |
| 21世纪全国高职高专土建系列工学结合型规划教材 北大版·高职高专土建系列规划教材 建筑施工 |
| ISBN 978-7-301-23590-4:CNY 32.00 |
| 本书内容共分5个项目,分别为工程地质勘察、浅基础设计、桩基础设计、基础设计软件应用和挡土墙设计,其中工程地质勘察项目融入土的物理性质和基本力学性能等知识。 |
| ● |
| 相关链接 |
|
|
|
正题名:土力学与基础工程
索取号:TU4/N650
 
预约/预借
| 序号 | 登录号 | 条形码 | 馆藏地/架位号 | 状态 | 备注 |
| 1 | 0839694 | 208396948 | 建筑库101/101建筑库 92排4列1层/ [索取号:TU4/N650] | 在馆 | |
| 2 | 0839695 | 208396957 | 建筑库101/101建筑库 92排4列1层/ [索取号:TU4/N650] | 在馆 | |
| 3 | 0839696 | 208396966 | 建筑库101/101建筑库 92排4列1层/ [索取号:TU4/N650] | 在馆 |